000 01411cam a22003737a 4500
003 CHAP
005 20220329142727.0
008 030311d2002 mx r 00110 spa d
010 _a86922
011 _a87894
035 _a98438
040 _cCHAP
090 _aTesis
100 0 0 _aPérez Grajales, Mario.
_989711
245 1 0 _aEstudio genético y fisiológico del crecimiento, rendimiento y calidad de fruto en chile manzano (Capsicum pubescens R. y P.)
_c/por
260 _aMontecillo, Méx. :
_bEl autor,
_c2002.
300 _a106 h.
502 _aTesis (Dr. en Ciencias Esp. en Genética) -- C.P. Instituto de Recursos Genéticos y Productividad Programa en Genética
590 _aALEPH
_b10
_c20130110
_lUCH01
_h1452
590 _aBATCH-UPD
_b10
_c20130110
_lUCH01
_h0751
590 _aBATCH-UPD
_b10
_c20130410
_lUCH01
_h0431
590 _aBATCH-UPD
_b10
_c20130914
_lUCH01
_h0924
590 _aCONVERSION
_b10
_c20130109
_lUCH01
_h1348
650 1 4 _aChile manzano
_xCalidad.
_922446
650 1 4 _aChile manzano
_xCrecimiento.
_922450
650 1 4 _aChile manzano
_xFisiología y morfología.
_922455
650 1 4 _aChile manzano
_xGenética.
_922456
650 1 4 _aChile manzano
_xRendimiento.
_922465
901 _aBK
905 _aMayto Villalobos S.
942 _cFOLL
949 _aTesis
_bBC
_cTES
_d33724000887782
_eTS2
_fc.2
_h40509
_i98438
_si
949 _aTesis
_bBC
_cTES
_d98438123
_eTS1
_h40510
_i98438
_sb
999 _c86922
_d86922